书目信息 |
| 题名: |
中国货币史
|
|
| 作者: | 彭信威 著 | |
| 分册: | ||
| 出版信息: | 上海 上海人民出版社 1988.08 |
|
| 页数: | 996页 | |
| 开本: | 20cm | |
| 丛书名: | ||
| 单 册: | ||
| 中图分类: | F822.9 | |
| 科图分类: | ||
| 主题词: | 货币 | |
| 电子资源: | ||
| ISBN: | 7-208-00196-0 | |
| 000 | 00526nam0 2200193 450 | |
| 001 | 0656716656 | |
| 005 | 20061031154719.96 | |
| 010 | @a7-208-00196-0@dCNY27.40 | |
| 100 | @a20061031d1988 km y0chiy0120 ea | |
| 101 | 0 | @achi |
| 102 | @aCN@b310000 | |
| 200 | 1 | @a中国货币史@Azhong guo huo bi shi@f彭信威著@Fpeng xin wei zhu |
| 210 | @a上海@c上海人民出版社@d1988.08 | |
| 215 | @a996页@d20cm | |
| 606 | 0 | @a货币 |
| 690 | @aF822.9@v3 | |
| 701 | 0 | @a彭信威@Apeng xin wei@4著 |
| 801 | 0 | @aCN@bPFT@c20061031 |
| 905 | @a10447@dF822.9@e11 | |
| 中国货币史/彭信威著.-上海:上海人民出版社,1988.08 |
| 996页;20cm |
| ISBN 7-208-00196-0:CNY27.40 |
| ● |
| 相关链接 |
|
|
|
|
正题名:中国货币史
索取号:F822.9/11
 
预约/预借
| 序号 | 登录号 | 条形码 | 馆藏地/架位号 | 状态 | 备注 |
| 1 | 0215068 | 000491998 | 第一样本阅览室/ [索取号:F822.9/11] | 在馆 |